000 00519cam a22002171 4500
001 sa 66005724
003 DLC
005 20260227112251.0
008 890913s1965 ii 000 1 telo
010 _asa 66005724
035 _a(OCoLC)20334601
040 _aDLC
_cWaU
_dDLC
042 _apremarc
050 0 0 _aPL4780.9.L38
_bU4
100 1 _aHemalata, T.,
_d1932-
245 1 0 _aUmar Khayāṃ.
260 _c[1965]
300 _aiv, 271 p.
_c19 cm.
500 _aIn Telugu.
600 0 0 _aOmar Khayyam
_vFiction.
999 _c70132
_d70132